Matière et mémoire: essai sur la relation du corps a l'esprit

Guardat en:
Dades bibliogràfiques
Autor principal: Bergson, Henri-Louis (Autor)
Format: Llibre
Idioma:francès
Publicat: París Universitaires de France 1959
Edició:60a. ed
Col·lecció:Bibliothèque de Philosophie Contemporaine
Matèries:
Etiquetes: Afegir etiqueta
Sense etiquetes, Sigues el primer a etiquetar aquest registre!

MARC

LEADER 00000nam a2200000 a 4500
001 UCZ3287
003 CL-VaPUC
008 951020e19590000FR |||||||||||||||||fre|d
082 0 4 |a 143  |b BER  |2 21 
100 |a Bergson, Henri-Louis  |e author  |9 318450 
245 1 0 |a Matière et mémoire: essai sur la relation du corps a l'esprit 
250 |a 60a. ed 
300 |a 280 p 
942 |c BK 
945 |d 19951020 00:00:00  |a cmena 
260 |a París  |b Universitaires de France  |c 1959 
650 0 |a Filosofía francesa   |9 255698 
650 0 |a Intuición  |9 333290 
650 0 |a Memoria  |9 266549 
650 0 |a Naturaleza humana   |9 308593 
650 7 |a HOMBRE  |2 CL-VaPUC  |9 262149 
583 |a last modification  |c 19951020 00:00:00  |k Rodrigo Vera 
490 0 |a Bibliothèque de Philosophie Contemporaine 
999 |c 239777  |d 239775 
952 |0 0  |1 0  |4 0  |6 143_000000000000000_BER_1959  |7 0  |8 P  |9 251164  |a BIBEDU  |b BIBEDU  |c BIBEDU_PB  |d 2019-11-18  |i 2916800  |o 143 BER 1959  |p 2916800  |r 2024-01-25  |w 2019-11-18  |y BK  |k FIL